Очерки по Истории Русской Святости

গ্রন্থ-পঞ্জীর বিবরন
অন্যান্য লেখক: Иоанн (Кологривов) (составитель)
ভাষা:রুশ
প্রকাশিত: Сиракуза, [Б. и.], 1991
বিষয়গুলি:
বিন্যাস: গ্রন্থ
KOHA link:https://koha.lib.tpu.ru/cgi-bin/koha/opac-detail.pl?biblionumber=62153

MARC

LEADER 00000nam0a2200000 4500
001 62153
005 20231101212004.0
035 |a (RuTPU)RU\TPU\book\65886 
090 |a 62153 
100 |a 20040405d1991 m y0rusy50 ca 
101 0 |a rus 
102 |a it 
105 |a f z 000zd 
200 1 |a Очерки по Истории Русской Святости  |f сост. Иоанн (Кологривов)  
210 |a Сиракуза  |c [Б. и.]  |d 1991 
215 |a 421 с. 
600 0 |a Феодосий Печерский  |f около 1036-1074  |c древнерусский писатель  |c игумен Киево-Печерского монастыря  |2 stltpush  |3 (RuTPU)RU\TPU\pers\5911 
600 0 |a Сергий Радонежский  |c основатель и игумен Троице-Сергиева монастыря  |f около 1321-1391  |2 stltpush  |3 (RuTPU)RU\TPU\pers\5916  |9 1143 
600 0 |a Нил Сорский  |f 1433-1508  |c российский церковный деятель  |c основатель и глава нестяжательства в России  |c в миру Майков Николай  |2 stltpush  |3 (RuTPU)RU\TPU\pers\5918 
600 0 |a Авраамий Смоленский  |c русский церковный деятель  |f ?-1221  |c святой  |2 stltpush  |3 (RuTPU)RU\TPU\pers\14500 
600 0 |a Стефан Пермский  |c русский миссионер-просветитель в землях коми  |c писатель  |f около 1345-1396  |2 stltpush  |3 (RuTPU)RU\TPU\pers\14501  |9 4830 
600 0 |a Иосиф Волоцкий  |c в миру Иван Санин  |c русский церковный писатель  |c основатель и игумен Иосифо-Волокаламского монастыря  |f 1439/1440-1515  |2 stltpush  |3 (RuTPU)RU\TPU\pers\13822  |9 4334 
600 0 |a Серафим Саровский  |c святой Русской православной церкви  |c в миру Прохор Исидорович Мошнин  |f 1754/1759-1833  |2 stltpush  |3 (RuTPU)RU\TPU\pers\12148  |9 3184 
600 0 |a Паисий Величковский  |c русский церковный писатель и мистик  |c основатель православного старчества нового времени  |f 1722-1794  |2 stltpush  |3 (RuTPU)RU\TPU\pers\14504  |9 4833 
600 0 |a Тихон Задонский  |c епископ Воронежский  |c в миру Тимофей Савельевич Кириллов  |f 1724-1783  |2 stltpush  |3 (RuTPU)RU\TPU\pers\14503  |9 4832 
600 0 |a Дмитрий  |c митрополит Ростовский  |c в миру Даниил Туптало  |f 1651-1709  |2 stltpush  |3 (RuTPU)RU\TPU\pers\14502  |9 4831 
610 1 |a этика 
610 1 |a религия 
610 1 |a Православие 
610 1 |a страстотерпцы 
610 1 |a святители 
610 1 |a юродивые 
686 |a Э372-3  |v LBC/SL-A  |2 rubbk 
702 0 |a Иоанн (Кологривов)   |c иеромонах  |4 220 
801 1 |a RU  |b 63413507  |c 20040405  |g PSBO 
801 2 |a RU  |b 63413507  |c 20120418  |g PSBO 
942 |c BK